[Event "Let's Play Chess!"]
[Site "http://www.queenalice.com/game.php?id=1770685"]
[Date "2021.9.26"]
[Round "-"]
[White "bobifixer"]
[Black "beginat63"]
[Result "0-1"]
[WhiteElo "2063"]
[BlackElo "1959"]

1. Nf3 d6 2. d4 e6 3. g3 Ne7 4. Bg2 Nd7 5. c4 Ng6 6. O-O Nb6 7. b3 Be7 8. Nc3
Bd7 9. Bb2 O-O 10. e4 f5 11. exf5 Rxf5 12. Ne4 d5 13. cxd5 exd5 14. Nc3 c5 15.
dxc5 Bxc5 16. Bh3 Rf7 17. Bxd7 Qxd7 18. Rc1 Re8 19. Nxd5 Nxd5 20. Rxc5 Nb4 21.
Qxd7 Rxd7 22. a3 Nd3 23. Rc2 Nxb2 24. Rxb2 Rd3 25. Rc1 Red8 26. Kg2 Rf8 27. Ng5
Rd7 28. Rbc2 h6 29. Ne6 Rff7 30. Rc7 Rxc7 31. Rxc7 Rxc7 32. Nxc7 Kf7 33. f4 a6
34. Nd5 Ke6 35. Ne3 Nf8 36. g4 Nd7 37. Kf3 Nc5 38. b4 Nb3 39. h4 Nd2+ 40. Ke2
Nb1 41. Nc2 g6 42. a4 Nc3+ 43. Kd3 Nxa4 44. Nd4+ Kf6 45. Kc4 Nb2+ 46. Kd5 Nd3
47. g5+ Kf7 48. gxh6 Nxb4+ 49. Kc4 Nc6 50. Ne2 Ne7 51. Kc5 Kg8 52. Nd4 Kh7 53.
Ne6 Kxh6 54. Nd8 b5 55. Ne6 Kh5 56. Nc7 Kxh4 57. Nxa6 Kg4 58. Kxb5 Kxf4 59. Nb4
Ke3 60. Kc4 g5 61. Nd3 g4 62. Ne5 g3 63. Ng4+ Kf4 64. Ne3 Kxe3 65. Kc5 g2 66.
Kd6 g1=Q 67. Ke5 Qg3+ 68. Ke6 Qg7 69. Kd6 Ke4 70. Ke6 Nd5 71. Kd6 Qc7+ 72. Ke6
Qe7# 0-1

[Event "Challenge"]
[Site "http://www.queenalice.com/game.php?id=1775833"]
[Date "2021.11.29"]
[Round "-"]
[White "naugard47"]
[Black "beginat63"]
[Result "0-1"]
[WhiteElo "1722"]
[BlackElo "1916"]

1. e4 d6 2. d4 e6 3. d5 Ne7 4. dxe6 Bxe6 5. a3 Nd7 6. Nc3 Ng6 7. Nf3 Nb6 8. Bb5+
c6 9. Bd3 Be7 10. O-O O-O 11. Re1 Bg4 12. Be2 Qc7 13. h3 Bd7 14. Bd3 Rad8 15.
Be3 Ne5 16. Bf4 Bf6 17. Nxe5 dxe5 18. Be3 Be6 19. Qf3 Nc4 20. b3 Nxe3 21. Qxe3
b6 22. b4 g6 23. Qg3 Bg7 24. Qg5 h5 25. Rad1 Rd7 26. Re2 Kh7 27. Ree1 Bh6 28.
Qg3 Bf4 29. Qf3 Rfd8 30. Ne2 Bg5 31. Nc3 Bf4 32. Ne2 Bg5 33. Ng3 c5 34. b5 c4
35. Be2 Qc5 36. Nxh5 Rxd1 37. Bxd1 gxh5 38. Qxh5+ Bh6 39. a4 Rd2 40. Rf1 Qe7 41.
Qxe5 Qg5 42. Qxg5 Bxg5 43. f4 Bxf4 44. c3 Be5 45. Bg4 Bxc3 46. Bxe6 fxe6 47.
Rf7+ Kg6 48. Rxa7 Bd4+ 49. Kf1 c3 50. Ke1 Bf2+ 51. Kf1 c2 52. Rc7 Bc5 0-1

[Event "Let's Play Chess!"]
[Site "http://www.queenalice.com/game.php?id=1780462"]
[Date "2022.1.18"]
[Round "-"]
[White "beginat63"]
[Black "igor12345"]
[Result "1-0"]
[WhiteElo "1963"]
[BlackElo "2026"]

1. d4 d5 2. Nf3 e6 3. Bg5 f6 4. Bh4 Ne7 5. e3 Ng6 6. Bg3 a6 7. Be2 c5 8. O-O c4
9. c3 Nc6 10. Nbd2 Bd6 11. Bxd6 Qxd6 12. e4 O-O 13. exd5 exd5 14. b3 b5 15. b4
Bd7 16. a4 bxa4 17. Rxa4 Nf4 18. Re1 Rfe8 19. Bf1 Na7 20. Rxe8+ Rxe8 21. Ra1 Nb5
22. Qc1 Bf5 23. g3 Nd3 24. Bxd3 Bxd3 25. h4 h6 26. Ne1 Bf5 27. Ng2 Bd3 28. Nf4
Bf5 29. h5 Kf7 30. Nf3 g5 31. hxg6+ Bxg6 32. Nxg6 Kxg6 33. Qc2+ Kg7 34. Nh4 Qf8
35. Qg6+ Kh8 36. Rxa6 Re1+ 37. Kg2 Re7 38. Nf5 Qf7 39. Ra8+ 1-0

[Event "Challenge"]
[Site "http://www.queenalice.com/game.php?id=1781035"]
[Date "2022.1.21"]
[Round "-"]
[White "beginat63"]
[Black "jorm"]
[Result "0-1"]
[WhiteElo "1935"]
[BlackElo "1849"]

1. d4 d5 2. Nf3 Nf6 3. Bg5 Qd6 4. e3 Ne4 5. Bf4 Qd8 6. Be2 Nc6 7. O-O h6 8. Nbd2
Nxd2 9. Qxd2 a6 10. Rac1 f6 11. c4 e6 12. c5 Qe7 13. Nh4 Qf7 14. Qd1 g5 0-1

[Event "Let's Play Chess!"]
[Site "http://www.queenalice.com/game.php?id=1781068"]
[Date "2022.1.23"]
[Round "-"]
[White "igor12345"]
[Black "beginat63"]
[Result "1-0"]
[WhiteElo "2012"]
[BlackElo "1924"]

1. e4 c6 2. d4 d5 3. e5 Bf5 4. c4 e6 5. a3 Ne7 6. Nc3 h6 7. Nf3 Nd7 8. h3 f6 9.
Bf4 fxe5 10. Bxe5 Nxe5 11. Nxe5 dxc4 12. Bxc4 Nd5 13. Qh5+ g6 14. Nxg6 Bxg6 15.
Qxg6+ Ke7 16. O-O Kd7 17. Rae1 Qf6 18. Qxf6 Nxf6 19. Bxe6+ Kc7 20. d5 Bd6 21.
dxc6 Kxc6 22. Rc1 1-0

[Event "Let's Play Chess!"]
[Site "http://www.queenalice.com/game.php?id=1781069"]
[Date "2022.1.23"]
[Round "-"]
[White "beginat63"]
[Black "igor12345"]
[Result "1-0"]
[WhiteElo "1912"]
[BlackElo "2022"]

1. d4 d5 2. Nf3 e6 3. Bg5 Be7 4. Bxe7 Qxe7 5. c3 Nf6 6. e3 O-O 7. Bd3 a6 8. O-O
b6 9. Nbd2 b5 10. Qc2 g6 11. Ne5 Nbd7 12. a4 bxa4 13. Rxa4 Nb8 14. Ndf3 c5 15.
h3 c4 16. Be2 Nfd7 17. Nxd7 Nxd7 18. b3 Nb6 19. Rb4 Qc7 20. bxc4 Nxc4 21. Bxc4
dxc4 22. Ne5 f6 23. Rxc4 Qd6 24. Nxg6 hxg6 25. Qxg6+ Kh8 26. d5 1-0

[Event "Let's Play Chess!"]
[Site "http://www.queenalice.com/game.php?id=1782085"]
[Date "2022.2.9"]
[Round "-"]
[White "igor12345"]
[Black "beginat63"]
[Result "0-1"]
[WhiteElo "2001"]
[BlackElo "1982"]

1. e4 Nf6 2. e5 Nd5 3. c4 Nb6 4. Nc3 c5 5. f4 d6 6. d4 cxd4 7. Qxd4 Nc6 8. Qe4
e6 9. Nf3 Be7 10. Be3 O-O 11. Rd1 Bd7 12. exd6 Bf6 13. Ne5 Bh4+ 14. g3 Bf6 15.
Rg1 g6 16. c5 Nd5 17. Nxd5 exd5 18. Qxd5 Be6 19. Qe4 Bf5 20. Nxc6 bxc6 21. Qxc6
Bxb2 22. Kf2 Rb8 23. Bc4 Bc3 24. Bb3 a5 25. Rc1 Rc8 26. Qd5 a4 27. Rxc3 axb3 28.
axb3 Re8 29. c6 Be4 30. Qc5 Rxc6 31. Qb4 Rxd6 32. Rc4 Rde6 33. Re1 Qa8 34. Qd2
Bh1 35. Kg1 Rxe3 36. Rxe3 Rxe3 37. Rc8+ Qxc8 0-1

[Event "Challenge"]
[Site "http://www.queenalice.com/game.php?id=1787679"]
[Date "2022.4.25"]
[Round "-"]
[White "naugard47"]
[Black "beginat63"]
[Result "0-1"]
[WhiteElo "1721"]
[BlackElo "1956"]

1. e4 e5 2. Nc3 Nc6 3. Nf3 Bc5 4. d3 Nf6 5. a3 O-O 6. h3 d6 7. Bd2 Be6 8. Qe2 d5
9. O-O-O dxe4 10. dxe4 Qc8 11. Be3 Bxe3+ 12. Qxe3 Rd8 13. Be2 a6 14. Ng5 b5 15.
f4 h6 16. Nxe6 Qxe6 17. f5 Qe8 18. Rd3 Nd4 19. Rhd1 c5 20. g4 b4 21. axb4 cxb4
22. Na2 Qa4 23. Nxb4 Qxb4 24. Qd2 Qb6 25. Qe3 Rab8 26. b3 a5 27. R1d2 a4 28. Kd1
a3 29. c4 Qa5 30. Ra2 Rxb3 31. Qd2 Rb1+ 0-1

[Event "Challenge"]
[Site "http://www.queenalice.com/game.php?id=1789796"]
[Date "2022.5.28"]
[Round "-"]
[White "beginat63"]
[Black "naugard47"]
[Result "1-0"]
[WhiteElo "1932"]
[BlackElo "1725"]

1. d4 d5 2. Nf3 e6 3. Bg5 f6 4. Bh4 h6 5. e3 a6 6. Ne5 Qe7 7. Qh5+ Kd8 8. Nf7+
Kd7 9. Nxh8 Qb4+ 10. Nd2 Qxb2 11. Qf7+ Kc6 12. Rb1 Qxa2 13. Qxf8 Nd7 14. Qxg8
1-0

[Event "Challenge"]
[Site "http://www.queenalice.com/game.php?id=1790293"]
[Date "2022.6.5"]
[Round "-"]
[White "beginat63"]
[Black "FLeicher"]
[Result "1-0"]
[WhiteElo "1940"]
[BlackElo "1952"]

1. d4 d5 2. Nf3 c6 3. Bg5 Nd7 4. e3 Ngf6 5. Bd3 g6 6. O-O Bg7 7. Nbd2 O-O 8. h3
Re8 9. c4 b6 10. cxd5 cxd5 11. Rc1 Bb7 12. Bf4 Rc8 13. Qa4 a5 14. Bb5 e5 15.
Nxe5 Re6 16. Nxd7 1-0

[Event "Challenge"]
[Site "http://www.queenalice.com/game.php?id=1792322"]
[Date "2022.7.11"]
[Round "-"]
[White "naugard47"]
[Black "beginat63"]
[Result "0-1"]
[WhiteElo "1728"]
[BlackElo "1999"]

1. d4 d5 2. Nf3 Nf6 3. Ng5 c5 4. Nxf7 Kxf7 5. dxc5 e6 6. b4 a5 7. Bd2 axb4 8.
Bxb4 Nc6 9. a3 Nxb4 10. axb4 Rxa1 11. Qc1 Ne4 12. Qb2 Rxb1+ 13. Qxb1 Be7 14. e3
Bh4 0-1

[Event "Let's Play Chess!"]
[Site "http://www.queenalice.com/game.php?id=1794900"]
[Date "2022.8.25"]
[Round "-"]
[White "Mlintz"]
[Black "beginat63"]
[Result "1-0"]
[WhiteElo "1840"]
[BlackElo "1981"]

1. e4 e5 2. Nf3 Nc6 3. Bc4 Bc5 4. O-O Nf6 5. d3 O-O 6. c3 d5 7. exd5 Nxd5 8. h3
Nb6 9. Bb3 Bf5 10. Bc2 Re8 11. b4 Bf8 12. Bb2 Qd7 13. Re1 Rad8 14. b5 1-0

[Event "Let's Play Chess!"]
[Site "http://www.queenalice.com/game.php?id=1794903"]
[Date "2022.8.25"]
[Round "-"]
[White "beginat63"]
[Black "Mlintz"]
[Result "0-1"]
[WhiteElo "2004"]
[BlackElo "1817"]

1. c4 e5 2. Nc3 c6 3. e4 Nf6 4. Nf3 d6 5. d3 b6 6. d4 exd4 7. Qxd4 Be7 8. Be2
O-O 9. O-O Bb7 10. Bf4 c5 11. Qd3 Nc6 12. Rad1 Nd4 13. Nxd4 cxd4 0-1

[Event "Let's Play Chess!"]
[Site "http://www.queenalice.com/game.php?id=1798056"]
[Date "2022.10.16"]
[Round "-"]
[White "beginat63"]
[Black "igor12345"]
[Result "1-0"]
[WhiteElo "1915"]
[BlackElo "2120"]

1. c4 e5 2. Nc3 Nf6 3. e4 Bc5 4. Nge2 Nc6 5. g3 d6 6. Bg2 Bg4 7. O-O O-O 8. h3
Bh5 9. d3 Nd4 10. g4 Bg6 11. Bg5 c6 12. Nxd4 Bxd4 13. Kh1 h6 14. Bh4 Qe7 15. g5
hxg5 16. Bxg5 Qe6 17. Ne2 Bc5 18. a3 a5 19. b4 axb4 20. axb4 Bxb4 21. Bxf6 gxf6
22. Rb1 c5 23. f4 Bh5 24. f5 Qe7 25. Bf3 Bxf3+ 26. Rxf3 Kh7 27. Kh2 Rg8 28. Rg3
Rg5 29. h4 Rh5 30. Rh3 Ra2 31. Kh1 Rh6 32. Ng3 Rd2 33. Qf3 Ra2 34. Nh5 Ra8 35.
Rg3 Rg8 36. Rxg8 Kxg8 37. Qg2+ 1-0

[Event "Let's Play Chess!"]
[Site "http://www.queenalice.com/game.php?id=1798238"]
[Date "2022.10.20"]
[Round "-"]
[White "beginat63"]
[Black "igor12345"]
[Result "1/2-1/2"]
[WhiteElo "1941"]
[BlackElo "2020"]

1. c4 e5 2. Nc3 Nf6 3. e4 Bc5 4. Be2 a6 5. Nf3 Nc6 6. O-O O-O 7. d3 d6 8. Bg5 h6
9. Bd2 Nd4 10. Be3 Nxe2+ 11. Qxe2 b6 12. Nd5 c6 13. Nxf6+ Qxf6 14. Rad1 Bg4 15.
h3 Be6 16. Bxc5 bxc5 17. b3 Qe7 18. Rb1 a5 19. Rb2 f5 20. exf5 Bxf5 21. Nd2 Qg5
22. Ne4 Qe7 23. Qd1 Bg6 24. Qg4 Bf5 25. Qe2 Be6 26. Qe3 Rf7 27. f4 exf4 28. Rxf4
Raf8 29. Rbf2 Bf5 30. Re2 Qe5 31. Qd2 Bxe4 32. Rexe4 Qg5 33. h4 Qd8 34. Rxf7
Rxf7 35. Qe2 Kf8 36. Qg4 Rf6 37. Rf4 Rxf4 38. Qxf4+ 1/2-1/2

[Event "Let's Play Chess!"]
[Site "http://www.queenalice.com/game.php?id=1798239"]
[Date "2022.10.20"]
[Round "-"]
[White "igor12345"]
[Black "beginat63"]
[Result "1-0"]
[WhiteElo "2176"]
[BlackElo "1952"]

1. e4 e5 2. f4 exf4 3. Nf3 Nf6 4. e5 Nd5 5. c4 Nb6 6. d4 Bb4+ 7. Nc3 O-O 8. Bxf4
d6 9. a3 Bxc3+ 10. bxc3 Nxc4 11. Bxc4 Bg4 12. O-O Nd7 13. exd6 cxd6 14. Bxd6 Re8
15. Bf4 Rc8 16. Qd3 Rxc4 17. Qxc4 Nb6 18. Qb3 Nd5 19. Be5 f6 20. Bg3 b6 21. Rae1
Kh8 22. Rxe8+ Qxe8 23. Qxd5 Be6 24. Qe4 Bd7 25. Re1 1-0

[Event "Challenge"]
[Site "http://www.queenalice.com/game.php?id=1806005"]
[Date "2023.2.12"]
[Round "-"]
[White "naugard47"]
[Black "beginat63"]
[Result "1-0"]
[WhiteElo "1745"]
[BlackElo "1944"]

1. e4 e5 2. Nf3 Nc6 3. Bc4 Bc5 4. O-O Nf6 5. Nc3 O-O 6. h3 Ne7 7. Nxe5 d6 8. Nf3
Bb4 9. Nb5 a6 10. Nc3 Be6 11. Bb3 Bxc3 12. dxc3 d5 13. e5 Ne4 14. Nd4 c5 15.
Nxe6 fxe6 16. Be3 c4 17. Ba4 b5 18. Bb3 cxb3 19. axb3 Nf5 20. Bf4 g5 21. Bc1 1-0